Vegetables: No Vowels #2 - Statistics

General Stats
  • This quiz has been taken 2,966 times
  • The average score is 13 of 20
Answer Stats
Hint Answer % Correct
CCMBR Cucumber
98%
PMPKN Pumpkin
98%
GGPLNT Eggplant
96%
RDSH Radish
95%
ZCCHN Zucchini
94%
BLLPPPR Bellpepper
89%
HRSRDSH Horseradish
83%
PRSNP Parsnip
81%
BN Bean
76%
SHLLT Shallot
76%
FNNL Fennel
72%
LKS Leeks
68%
BK CH Bok Choy
56%
CHRD Chard
53%
RTBG Rutabaga
39%
CSV Casava
27%
DKN Daikon
21%
DMM Edamame
19%
JCM Jicama
16%
M Yam
9%
No matching quizzes found
Score Distribution
Percent of People with Each Score
Percentile by Number Answered
Your Score History
You have not taken this quiz